header

Melanesian Pidgin and Tok Pisin (Record no. 130836)

MARC details
000 -LEADER
fixed length control field 01767nam a2200397 a 4500
082 04 - DEWEY DECIMAL CLASSIFICATION NUMBER
Classification number 427/.9953
245 10 - TITLE STATEMENT
Title Melanesian Pidgin and Tok Pisin
260 ## - PUBLICATION, DISTRIBUTION, ETC. (IMPRINT)
Place of publication Amsterdam ;
-- Philadelphia :
Name of publisher J. Benjamins Pub. Co.,
Year of publication 1990.
300 ## - PHYSICAL DESCRIPTION
Number of Pages xiv, 409 p. :
Other physical details ill.
490 1# - SERIES STATEMENT
Series statement Studies in language companion series (SLCS),
500 ## - GENERAL NOTE
General note "Held in July 1987 at Divine Word Institute, Madang, Papua New Guinea"--Introd.
650 #0 - SUBJECT ADDED ENTRY--TOPICAL TERM
Topical Term Tok Pisin language
Topical Term Pidgin English
700 1# - ADDED ENTRY--PERSONAL NAME
Personal name Verhaar, John W. M.
856 40 - ELECTRONIC LOCATION AND ACCESS
Uniform Resource Identifier http://site.ebrary.com/lib/rucke/Doc?id=10495897

No items available.

© 2026 Rongo University
Contact us: librarian | system librarian | Rongo university